[Event "CZE-ch blitz"]
[Site "Prague"]
[Date "2019.12.21"]
[Round "7"]
[White "Kratochvil, Vit"]
[Black "Michalik, Peter"]
[Result "0-1"]
[WhiteElo "2213"]
[BlackElo "2585"]
[PlyCount "52"]
[EventDate "2019.12.21"]
[EventType "swiss (blitz)"]
[EventRounds "15"]
[EventCountry "CZE"]
[SourceTitle "CBM 193 Extra"]
[Source "ChessBase"]
[SourceDate "2020.01.31"]
[SourceVersion "1"]
[SourceVersionDate "2020.01.31"]
[SourceQuality "1"]

1. e4 c6 2. d4 d5 3. Nc3 dxe4 4. Nxe4 Bf5 5. Ng3 Bg6 6. h4 h6 7. Nh3 e6 8. Nf4 Bh7 9. Bc4 Bd6 10. Ngh5 Bxf4 11. Bxf4 Kf8 12. Be5 Nf6 13. Nxf6 gxf6 14. Bf4 Bf5 15. g4 Be4 16. f3 Bd5 17. Be2 b5 18. Qd2 h5 19. Bh6+ Ke8 20. g5 Nd7 21. Qf4 Qe7 22. gxf6 Qb4+ 23. Kf2 Kd8 24. Bg7 Re8 25. b3 e5 26. dxe5 Qxf4 0-1

[Event "CZE-chT2E 1920"]
[Site "Czech Republic"]
[Date "2019.12.01"]
[Round "4.4"]
[White "Kratochvil, Vit"]
[Black "Vrana, Frantisek"]
[Result "1-0"]
[WhiteElo "2197"]
[BlackElo "2254"]
[PlyCount "71"]
[EventDate "2019.10.13"]
[EventType "team-tourn"]
[EventRounds "11"]
[EventCountry "CZE"]
[SourceTitle "EXT 2024"]
[Source "ChessBase"]
[SourceDate "2023.10.10"]
[SourceVersion "1"]
[SourceVersionDate "2023.10.10"]
[SourceQuality "1"]
[WhiteTeam "Lipovec Garde"]
[BlackTeam "Stare Mesto II"]
[WhiteTeamCountry "CZE"]
[BlackTeamCountry "CZE"]

1. e4 e6 2. d4 d5 3. Nc3 Nf6 4. exd5 exd5 5. Bg5 Bb4 6. Bd3 c5 7. dxc5 0-0 8. Nge2 h6 9. Bh4 Nc6 10. 0-0 g5 11. Bg3 Bxc5 12. h4 Re8 13. hxg5 hxg5 14. Qd2 Ne4 15. Bxe4 dxe4 16. Qxd8 Rxd8 17. Nxe4 Be7 18. f4 Bf5 19. N2c3 g4 20. Rfe1 Nd4 21. Rac1 b5 22. Bf2 b4 23. Ng3 Bf6 24. Nce4 Bg7 25. c3 bxc3 26. bxc3 Bxe4 27. Rxe4 Nb5 28. f5 Bh6 29. Rxg4+ Kh7 30. Rh4 Rd3 31. Ne4 Kg7 32. Rb1 Na3 33. Rb7 Be3 34. Rg4+ Kh6 35. Bxe3+ Rxe3 36. Rxf7 1-0